Statistics for 2024 US Presidential Candidates

Click here to take the quiz!

General Stats

  • This quiz has been taken 463 times
    (37 since last reset)
  • The average score is 12 of 39

Answer Stats

Group/PartyStatusPositionName% Correct
RepublicanCurrentFormer US President and businessmanDonald Trump
97%
DemocraticCurrentCurrent US PresidentJoseph Biden
91%
RepublicanCurrentGovernor of FloridaRon DeSantis
89%
Third Party and IndependentIndependent (Withdrawn)RapperKanye West
83%
RepublicanCurrentAmbassador to the UN and former governor of South CarolinaNikki Haley
74%
RepublicanWithdrawnFormer US Vice President and former Governor of IndianaMike Pence
63%
RepublicanCurrentGovernor of New JerseyChris Christie
60%
Third Party and IndependentIndependentEnvironmental lawyer and authorRobert F. Kennedy
57%
Third Party and IndependentIndependentPhilosopher and activistCornel West
49%
RepublicanWithdrawnSenator from South CarolinaTim Scott
49%
RepublicanCurrentBusinessmanVivek Ramaswamy
49%
RepublicanCurrentGovernor of ArkansasAsa Hutchinson
46%
RepublicanWithdrawnGovernor of North DakotaDoug Burgum
46%
DemocraticCurrentAuthor and activistMarianne Williamson
40%
DemocraticCurrentCongressman from Minnesota's 3rd DistrictDean Phillips
37%
Third Party and IndependentGreenActivist and 2-time Green Party presidential nomineeJill Stein
34%
RepublicanWithdrawnMayor of Miami, FloridaFrancis X. Suarez
29%
RepublicanWithdrawnBusinessman and authorPerry Johnson
29%
DemocraticCurrentHost of The Young TurksCenk Uygur
26%
RepublicanWithdrawnPolitical pundit and talk show hostLarry Elder
26%
RepublicanWithdrawnCongressman from Texas's 23rd DistrictWill Hurd
23%
RepublicanCurrentBusinessman and PastorRyan Binkley
20%
RepublicanWithdrawnFormer Montana Secretary of State and Former Montana State SenatorCorey Stapleton
17%
DemocraticCurrentCriminal and businessmanJoe Exotic
14%
Third Party and IndependentLibertarianVice Chair of the Libertarian National CommitteeJoshua Smith
9%
DemocraticCurrentPerformance artist, satirist, and activistVermin Supreme
9%
Third Party and IndependentIndependentPolitical satirist and performerVermin Supreme
9%
RepublicanCurrentMinister and lawyerE.W. Jackson
6%
RepublicanCurrentTax attorneyJohn Anthony Castro
6%
RepublicanWithdrawnMayor of Cranston, Rhode IslandSteve Laffey
6%
Third Party and IndependentLibertarianChairman of Atlanta Libertarian Party and candidate for Senator from GeorgiaChase Oliver
3%
Third Party and IndependentLibertarianAuthor and political activistJacob Hornberger
3%
Third Party and IndependentIndependentRapperJoseph Foreman
3%
Third Party and IndependentLibertarianHallandale Beach police officer and economistMike ter Maat
3%
DemocraticCurrentPresident of Democrats for Life of AmericaTerissa Bukovinac
3%
Third Party and IndependentLibertarianBusiness executiveLars Mapstead
0%
Third Party and IndependentLibertarianAuthor and former NYU professorMichael Rectenwald
0%
Third Party and IndependentGreenCofounder of the Green PartyRandy Toler
0%
Third Party and IndependentIndependentPodcasterTaylor Marshall
0%

Score Distribution

Percentile by Number Answered

Percent of People with Each Score

Your Score History

You have not taken this quiz since the last reset